000 00195nam a2200073Ia 4500
008 170817s9999 xx 000 0 und d
100 _aSharma.S.R
245 0 _aHistory Of Educational Research
260 _bAnmol Publications Delhi
999 _c38888
_d38888